<?xml version="1.0" encoding="UTF-8"?>
<record
    xmlns:xsi="http://www.w3.org/2001/XMLSchema-instance"
    xsi:schemaLocation="http://www.loc.gov/MARC21/slim http://www.loc.gov/standards/marcxml/schema/MARC21slim.xsd"
    xmlns="http://www.loc.gov/MARC21/slim">

  <leader>01236nam a2200337Ia 4500</leader>
  <controlfield tag="001">Z_6760</controlfield>
  <controlfield tag="003">CHAP</controlfield>
  <controlfield tag="008">220113s2014    xx            000 0 und d</controlfield>
  <datafield tag="010" ind1=" " ind2=" ">
    <subfield code="a">170036</subfield>
  </datafield>
  <datafield tag="040" ind1=" " ind2=" ">
    <subfield code="c">CHAP</subfield>
  </datafield>
  <datafield tag="090" ind1=" " ind2=" ">
    <subfield code="a">Tesis V374 2436</subfield>
  </datafield>
  <datafield tag="100" ind1=" " ind2=" ">
    <subfield code="a">Vasquez Flores, Yazmit</subfield>
    <subfield code="9">145854</subfield>
  </datafield>
  <datafield tag="245" ind1=" " ind2=" ">
    <subfield code="a">Composici&#xF3;n de la dieta del venado cola blanca (Odocoileus virginianus) en la regi&#xF3;n de La Ca&#xF1;ada, Oaxaca  /</subfield>
    <subfield code="c">Yazmit Vasquez Flores</subfield>
  </datafield>
  <datafield tag="260" ind1=" " ind2=" ">
    <subfield code="a">M&#xE9;xico  :</subfield>
    <subfield code="b">El autor,</subfield>
    <subfield code="c">2014</subfield>
  </datafield>
  <datafield tag="300" ind1=" " ind2=" ">
    <subfield code="a">CD</subfield>
  </datafield>
  <datafield tag="502" ind1=" " ind2=" ">
    <subfield code="a">Tesis (Maestro en Ciencias Colegio de Postgraduados) -- CP , 2014 \ Direcci&#xF3;n: Elvia L&#xF3;pez P&#xE9;rez; asesor&#xED;a: Luis Antonio Tarango Ar&#xE1;mbula y Salvador Mandujano Rodr&#xED;guez</subfield>
  </datafield>
  <datafield tag="650" ind1=" " ind2=" ">
    <subfield code="a">Diversidad de la dieta</subfield>
    <subfield code="9">145855</subfield>
  </datafield>
  <datafield tag="650" ind1=" " ind2=" ">
    <subfield code="a">H&#xE1;bitos alimenticios</subfield>
    <subfield code="9">55679</subfield>
  </datafield>
  <datafield tag="650" ind1=" " ind2=" ">
    <subfield code="a">Microhistolog&#xED;a</subfield>
    <subfield code="9">143235</subfield>
  </datafield>
  <datafield tag="650" ind1=" " ind2=" ">
    <subfield code="a">Reserva de la bi&#xF3;sfera de Cuicatl&#xE1;n</subfield>
    <subfield code="x">Tehuac&#xE1;n</subfield>
    <subfield code="9">145856</subfield>
  </datafield>
  <datafield tag="650" ind1=" " ind2=" ">
    <subfield code="a">Zona &#xE1;rida</subfield>
    <subfield code="x">tropical</subfield>
    <subfield code="9">145857</subfield>
  </datafield>
  <datafield tag="700" ind1=" " ind2=" ">
    <subfield code="a"> Mandujano Rodr&#xED;guez, Salvador, asesor</subfield>
    <subfield code="9">145858</subfield>
  </datafield>
  <datafield tag="700" ind1=" " ind2=" ">
    <subfield code="a"> Tarango Ar&#xE1;mbula, Luis Antonio, asesor </subfield>
    <subfield code="9">145859</subfield>
  </datafield>
  <datafield tag="700" ind1=" " ind2=" ">
    <subfield code="a">L&#xF3;pez P&#xE9;rez, Elvia, director </subfield>
    <subfield code="9">144494</subfield>
  </datafield>
  <datafield tag="901" ind1=" " ind2=" ">
    <subfield code="a">TESIS V374 2436</subfield>
  </datafield>
  <datafield tag="902" ind1=" " ind2=" ">
    <subfield code="a">M</subfield>
  </datafield>
  <datafield tag="910" ind1=" " ind2=" ">
    <subfield code="a">2014</subfield>
  </datafield>
  <datafield tag="942" ind1=" " ind2=" ">
    <subfield code="c">2</subfield>
  </datafield>
  <datafield tag="942" ind1=" " ind2=" ">
    <subfield code="c">2</subfield>
  </datafield>
  <datafield tag="999" ind1=" " ind2=" ">
    <subfield code="c">170036</subfield>
    <subfield code="d">170036</subfield>
  </datafield>
  <datafield tag="952" ind1=" " ind2=" ">
    <subfield code="0">0</subfield>
    <subfield code="1">0</subfield>
    <subfield code="4">0</subfield>
    <subfield code="7">0</subfield>
    <subfield code="a">Z</subfield>
    <subfield code="b">Z</subfield>
    <subfield code="c">1</subfield>
    <subfield code="d">2016-10-28</subfield>
    <subfield code="f">2</subfield>
    <subfield code="l">0</subfield>
    <subfield code="p">z_T 4472</subfield>
    <subfield code="r">2022-01-18 00:00:00</subfield>
    <subfield code="t">1</subfield>
    <subfield code="w">2022-01-18</subfield>
    <subfield code="y">2</subfield>
    <subfield code="z">2</subfield>
  </datafield>
</record>
